Los meses del año en español - Statistics

General Stats
  • This quiz has been taken 143 times
    24 since last reset
  • The average score is 10 of 18
Answer Stats
Hint Answer % Correct
April abril
95%
July julio
95%
June junio
90%
May mayo
90%
October octubre
90%
January enero
85%
March marzo
85%
September septiembre
85%
Febuary febrero
80%
November noviembre
80%
August agosto
75%
December diciembre
65%
What is todays date? (Which is the date of today?) ¿Cuál es la fecha de hoy?
5%
When is your birthday? ¿Cuándo es tu cumpleaños?
5%
Today is the 10th of April Hoy es el 10 de abril
5%
Today is the 1st of June Hoy es el primero de junio
5%
My birthday is the 7 of September Mi cumpleaños es el 7 de septiembre
5%
What date is today? ¿Qué fecha es hoy?
0%
No matching quizzes found
Score Distribution
Percent of People with Each Score
Percentile by Number Answered
Your Score History
You have not taken this quiz since the last reset